[Event "TCh-CZE 2010-11"]
[Site "Czech Rep CZE"]
[Date "2011.04.16"]
[Round "10.3"]
[White "Bartel,Mat"]
[Black "Bobras,P"]
[Result "1/2-1/2"]
[WhiteElo "2617"]
[BlackElo "2530"]

1.d4 Nf6 2.c4 g6 3.Nc3 d5 4.cxd5 Nxd5 5.e4 Nxc3 6.bxc3 Bg7 7.Bg5 c5 8.Rc1 O-O
9.d5 Qd6 10.Be2 e6 11.Nf3 exd5 12.exd5 Bg4 13.O-O Nd7 14.Qd2 Nf6 15.Bxf6 Bxf6
16.h3 Bd7 17.Rb1 b6 18.Bb5 Bf5 19.Rbd1 c4 20.Bxc4 Rac8 21.Ba6 Rxc3 22.Nd4 Bxd4
23.Qxd4 Ra3 24.Qc4 Bxh3 25.gxh3 Rg3+ 26.fxg3 Qxg3+ 27.Kh1  1/2-1/2

[Event "TCh-CZE 2010-11"]
[Site "Czech Rep CZE"]
[Date "2011.04.17"]
[Round "11.7"]
[White "Orsag,Mil1"]
[Black "Walek,M"]
[Result "1/2-1/2"]
[WhiteElo "2426"]
[BlackElo "2381"]

1.d4 Nf6 2.c4 g6 3.Nc3 d5 4.cxd5 Nxd5 5.e4 Nxc3 6.bxc3 Bg7 7.Bc4 c5 8.Ne2 O-O
9.O-O Nc6 10.Be3 Bg4 11.f3 Bd7 12.Rb1 Qc7 13.Qc1 Rfd8 14.Rd1 a6 15.dxc5 Na5
16.Bd3 Ba4 17.Rd2 Bf8 18.Rb4 Be8 19.Qe1 e6 20.Qf2 Nc6 21.Rbb2 Ne5 22.Nc1 Nxd3
23.Nxd3 Bb5 24.Nc1 Rac8 25.Nb3 Bc4 26.g3 Rxd2 27.Nxd2 Bb5 28.c4 Bc6 29.h4 Rd8
30.Kh2 Bg7 31.Rc2 f5 32.exf5 gxf5 33.Nb3 Rd3 34.Qe2 Qd7 35.Rd2 Rxd2 36.Nxd2 e5
37.f4 Qe7 38.fxe5 Qxe5 39.Qf2 Qa1 40.Nf1 Be4 41.h5 Qd1 42.Kg1 Qxh5 43.Qd2 Bf6
44.Kf2 f4 45.Bxf4 Qf3+ 46.Kg1 Bd4+ 47.Ne3 Bxe3+ 48.Bxe3 Qxg3+ 49.Kf1 Qf3+
50.Ke1 Qh1+ 51.Ke2 Bf3+ 52.Kd3 Qd1 53.Qxd1 Bxd1 54.Kd4 Bf3 55.a4 Kf7 56.Bf4 Bc6
57.a5 Kf6 58.Ke3 h5 59.Kf2 Kf5 60.Bc7  1/2-1/2

[Event "13th Dubai Open"]
[Site "Dubai UAE"]
[Date "2011.04.17"]
[Round "8"]
[White "Kotanjian,T"]
[Black "Mchedlishvili,M"]
[Result "1/2-1/2"]
[WhiteElo "2527"]
[BlackElo "2629"]

1.d4 Nf6 2.c4 g6 3.Nc3 d5 4.cxd5 Nxd5 5.e4 Nxc3 6.bxc3 Bg7 7.Nf3 c5 8.Be3 Qa5
9.Qd2 O-O 10.Rc1 Rd8 11.d5 e6 12.c4 Qxd2+ 13.Kxd2 Na6 14.Kc2 f5 15.e5 b6
16.Bg5 Rd7 17.d6 Bb7 18.Re1 Nb4+ 19.Kb3 a5 20.a4 Be4 21.Bf4 Bc2+ 22.Ka3 Be4
23.Be2 Rc8 24.h4 Bxf3 25.gxf3 Nc2+ 26.Ka2 Nxe1 27.Rxe1 h5 28.Bf1 Kh7 29.Be3 Bh6
30.f4 Kg7 31.Bg2 Rb8 32.Rb1 Kf7 33.Kb3 Rdd8 34.Kc2 Bf8  1/2-1/2

[Event "Norsk Open A"]
[Site "Fagernes NOR"]
[Date "2011.04.17"]
[Round "3"]
[White "Thingstad,A"]
[Black "Arvola,B"]
[Result "1/2-1/2"]
[WhiteElo "2014"]
[BlackElo "2217"]

1.d4 Nf6 2.c4 g6 3.Nc3 d5 4.cxd5 Nxd5 5.e4 Nxc3 6.bxc3 Bg7 7.Nf3 c5 8.Rb1 O-O
9.Be2 Nc6 10.d5 Ne5 11.Nxe5 Bxe5 12.Qd2 Bc7 13.f4 e5 14.dxe6 Bxe6 15.O-O Qxd2
16.Bxd2 b6 17.c4 f5 18.e5 Rad8 19.Be3 Bd7 20.Bf3 Be6 21.Be2 g5 22.g3 gxf4
23.gxf4 Bd7 24.Bf3 Be6 25.Be2 Rf7 26.Kf2 Rdd7 27.Rfd1 Bd8 28.Rxd7 Bh4+ 29.Kf1 Rxd7
30.Rb2 Kf7 31.a3 Kg6 32.Rd2 Rxd2 33.Bxd2 Be7 34.a4 a5 35.Kf2 Bd7 36.Bd1 Bh4+
37.Ke3 Be6 38.Be2 Bd7 39.Bd1 Kf7 40.Bc3 Ke6 41.Bd2 Bc6 42.Bc2 Bg2 43.Bd3 Bc6
44.Bc2 Bd7 45.Bd1 Kf7 46.Bc3 Be6 47.Be2 Kg7 48.Bd2 Kh6 49.Bc3 Kg6 50.Bd2 Bd7
51.Bd1 Be7 52.Be1 Bc6 53.Bc2 Bg2 54.Bd1 Bh3 55.Bf2 h6 56.Be1 h5 57.Bf2 h4
58.Be1 Bg2 59.Bf3 Bh3 60.Bd1  1/2-1/2

[Event "Norsk Open A"]
[Site "Fagernes NOR"]
[Date "2011.04.17"]
[Round "4"]
[White "Mihajlov,Sebastian"]
[Black "Pham,To"]
[Result "1-0"]
[WhiteElo "1871"]
[BlackElo "2086"]

1.d4 Nf6 2.c4 g6 3.Nc3 d5 4.cxd5 Nxd5 5.e4 Nxc3 6.bxc3 Bg7 7.Bc4 c5 8.Ne2 Nc6
9.Be3 O-O 10.O-O Na5 11.Bd3 b6 12.Rc1 e5 13.dxc5 Be6 14.f4 exf4 15.Nxf4 Bxa2
16.Qe2 Bb3 17.c4 bxc5 18.Nd5 Qd6 19.Qf2 Rac8 20.Kh1 Kh8 21.Bf4 Be5 22.Bh6 Bg7
23.Bxg7+ Kxg7 24.Qb2+ f6 25.Qc3 Bxc4 26.Bxc4 Nc6 27.Qa3 Rce8 28.Bb5 Rxe4
29.Bxc6 Qxc6 30.Rxc5 Qe6 31.Rc7+ Rf7 32.Nxf6 Rxc7 33.Nxe4 Qe7 34.Qb2+ Kh6
35.Nf6 Qe6 36.Qd4 Qc4 37.Ng4+ Kg5 38.Qe5+  1-0

[Event "Norsk Open A"]
[Site "Fagernes NOR"]
[Date "2011.04.17"]
[Round "4"]
[White "Wetle Hoem,T"]
[Black "Thingstad,A"]
[Result "1/2-1/2"]
[WhiteElo "1967"]
[BlackElo "2014"]

1.d4 Nf6 2.c4 g6 3.Nc3 d5 4.cxd5 Nxd5 5.e4 Nxc3 6.bxc3 Bg7 7.Bc4 c5 8.Ne2 O-O
9.O-O Nc6 10.Be3 Qc7 11.Rc1 Rd8 12.Qd2 Ne5 13.Bb3 Ng4 14.f4 Nxe3 15.Qxe3 cxd4
16.Nxd4 Qb6 17.e5 Bd7 18.Nc2 Qxe3+ 19.Nxe3 Bc6 20.Rcd1 e6 21.Rfe1 Bf8 22.Rxd8 Rxd8
23.Rd1 Rxd1+ 24.Nxd1 g5 25.fxg5 Bg7 26.Kf2 Bxe5 27.h4 a5 28.Bc2 b5 29.g4 f6
30.gxf6 Bxf6 31.g5 Be5 32.Bd3 Kg7 33.Ke3 h5 34.Kf2 a4 35.Be2 a3 36.Bd3 Bd5
37.Bb1 Kf7 38.Ne3 Bxc3 39.Nxd5 exd5 40.Bc2 Ke6 41.Bd1 b4 42.Ke2 Kf5 43.Kd3 Kf4
44.Kc2 Kg3 45.Bxh5 Kxh4 46.Bd1 Kxg5 47.Kd3 Kf4 48.Bb3 Ke5 49.Bd1  1/2-1/2

[Event "ch-FRA u20b"]
[Site "Montlucon FRA"]
[Date "2011.04.17"]
[Round "1.2"]
[White "Najart,D"]
[Black "Massoni,M"]
[Result "0-1"]
[WhiteElo "2008"]
[BlackElo "2338"]

1.d4 Nf6 2.c4 g6 3.Nc3 d5 4.cxd5 Nxd5 5.e4 Nxc3 6.bxc3 Bg7 7.Be3 c5 8.Qd2 Qa5
9.Rc1 O-O 10.Nf3 cxd4 11.cxd4 Qxd2+ 12.Nxd2 Rd8 13.d5 e6 14.Bc4 Na6 15.Bg5 f6
16.dxe6 Re8 17.e7+ Kh8 18.Be3 Rxe7 19.f4 b6 20.Kf2 Bb7 21.Rc3 Nc7 22.Bd3 f5
23.e5 Nd5 24.Rc4 Rd8 25.Rd4 Red7 26.Bb5 Rc7 27.Ba4 Rdc8 28.Re1 Bf8 29.Rd3 Nxe3
30.Kxe3 Bc5+  0-1

[Event "XLII Abierto Internacional"]
[Site "Mar del Plata ARG"]
[Date "2011.04.18"]
[Round "4.23"]
[White "Fabian,G"]
[Black "Codigone,M"]
[Result "1/2-1/2"]
[WhiteElo "2307"]
[BlackElo "1999"]

1.d4 Nf6 2.c4 g6 3.Nc3 d5 4.cxd5 Nxd5 5.e4 Nxc3 6.bxc3 Bg7 7.Bc4 c5 8.Ne2 Nc6
9.Be3 O-O 10.O-O Na5 11.Bd3 b6 12.Qd2 e5 13.Bh6 Qd6 14.Bxg7 Kxg7 15.f4 cxd4
16.cxd4 Bg4 17.fxe5 Qd8 18.d5 Bxe2 19.Bxe2 Qe7 20.Qf4 Rae8 21.e6 fxe6 22.Qe5+ Kg8
23.Rxf8+ Qxf8 24.Bg4 Qg7 25.Bxe6+ Kh8 26.Qxg7+ Kxg7 27.Rc1 Kf6 28.Rc7 Ke5
29.Rxa7 Nc4 30.Rxh7 Ra8 31.Rc7 Nd2 32.Rc2 Nxe4 33.Rb2 g5 34.Bg4 Nf6 35.Bf3 g4
36.Be2 Kxd5 37.Rxb6 Rxa2 38.Rxf6 Rxe2 39.Rg6 Re4 40.Kf2 Ke5 41.Kg3 Kf5 42.Ra6 Re3+
43.Kh4 Re2 44.Ra5+ Kf6 45.Kg3 Re4 46.Rh5 Ra4 47.Rh8 Kg5 48.Rg8+ Kh5 49.Rb8 Ra3+  1/2-1/2

[Event "ch-FAI"]
[Site "Vestmanna FAI"]
[Date "2011.04.20"]
[Round "6"]
[White "Samuelsen,C"]
[Black "Thomsen,T"]
[Result "1/2-1/2"]
[WhiteElo "2257"]
[BlackElo "2188"]

1.d4 Nf6 2.c4 g6 3.Nc3 d5 4.cxd5 Nxd5 5.e4 Nxc3 6.bxc3 Bg7 7.Be3 c5 8.Bc4 O-O
9.Ne2 Qa5 10.O-O Nd7 11.Qd2 Rd8 12.Rfd1 Ne5 13.Bd5 Nc6 14.Bh6 Bh8 15.Bg5 cxd4
16.Qf4 Rf8 17.Bh6 Bg7 18.Bxg7 Kxg7 19.cxd4 e6 20.Bxc6 bxc6 21.Rdc1 Ba6 22.Ng3 Rad8
23.Rc5 Qa4 24.Nh5+ Kg8 25.Nf6+ Kg7 26.Nh5+ Kg8 27.Nf6+ Kg7 28.Nh5+  1/2-1/2

[Event "34th Open"]
[Site "Donostia ESP"]
[Date "2011.04.21"]
[Round "6"]
[White "Roldan Riaga,R"]
[Black "Santos Latasa,J"]
[Result "0-1"]
[WhiteElo "2045"]
[BlackElo "2227"]

1.d4 Nf6 2.c4 g6 3.Nc3 d5 4.cxd5 Nxd5 5.e4 Nxc3 6.bxc3 Bg7 7.Bc4 O-O 8.Ne2 c5
9.O-O Nd7 10.Bg5 h6 11.Be3 Qc7 12.Rc1 b6 13.Nf4 e6 14.Bxe6 Ba6 15.Bd5 Bxf1
16.Bxa8 Ba6 17.Qa4 Rxa8 18.Qxa6 Nf6 19.f3 g5 20.Nd3 Nd7 21.Qc4 Rd8 22.Bf2 Qc6
23.a4 g4 24.d5 Qg6 25.f4 b5 26.axb5 Nb6 27.f5 Qxf5 28.Qxc5 Qxe4 29.Nb4 Nxd5
30.Re1 Qf5 31.Nc6 Rd7 32.Nd4 Qg5 33.Qc6 Nf6 34.Qc8+ Kh7 35.Nc6 Qxb5 36.Nxa7 Qd3
37.c4 Ne4 38.Re3 Qxe3  0-1

[Event "VII Lubuska Open"]
[Site "Gorzow POL"]
[Date "2011.04.21"]
[Round "4"]
[White "Kugler,P"]
[Black "Krasenkova,I"]
[Result "0-1"]
[WhiteElo "1703"]
[BlackElo "2127"]

1.d4 Nf6 2.c4 g6 3.Nc3 d5 4.cxd5 Nxd5 5.e4 Nxc3 6.bxc3 Bg7 7.Bc4 c5 8.Ne2 Nc6
9.Be3 O-O 10.a3 cxd4 11.cxd4 Qa5+ 12.Bd2 Qh5 13.Be3 Bg4 14.Qd2 Rad8 15.O-O Ne5
16.Bd3 Nf3+ 17.gxf3 Bxf3 18.Rfc1 Qh3 19.Nf4 Qg4+ 20.Kf1 e5 21.Nd5 Rxd5 22.exd5 exd4
23.Ra2 Qg2+ 24.Ke1 Qg1+ 25.Bf1 Re8 26.Rcc2 dxe3 27.Qd3 exf2+ 28.Kd2 Qg5+  0-1

[Event "V New Open Lugano"]
[Site "Lugano SUI"]
[Date "2011.04.22"]
[Round "1.6"]
[White "Alberio,Silvio"]
[Black "Stella,A"]
[Result "0-1"]
[WhiteElo "1821"]
[BlackElo "2364"]

1.d4 Nf6 2.c4 g6 3.Nc3 d5 4.cxd5 Nxd5 5.e4 Nxc3 6.bxc3 Bg7 7.Bc4 c5 8.Ne2 Nc6
9.Be3 O-O 10.O-O Na5 11.Bd3 b6 12.Rc1 e5 13.d5 f5 14.c4 f4 15.Bd2 Nb7 16.f3 g5
17.Nc3 h5 18.Kf2 g4 19.Ke2 Nd6 20.Be1 gxf3+ 21.gxf3 Bh3 22.Rg1 Kh7 23.Kd2 Bf6
24.Bf2 Qd7 25.Qe2 Rac8 26.a4 Rg8 27.Kc2 Rcf8 28.Kb3 Nb7 29.Qd2 Bg2 30.Be2 Nd6
31.Qd3 Qh3 32.Nb5 Nxb5 33.axb5 Qxh2 34.Ra1 Rf7 35.d6 Qh3 36.Qd5 Rfg7 37.Rgd1 Qd7
38.Qc6 h4 39.Rxa7 Qxa7 40.d7 Ra8 41.Rb1 Qa2+  0-1

[Event "ch-DEN"]
[Site "Odense DEN"]
[Date "2011.04.22"]
[Round "7"]
[White "Pedersen,Stef"]
[Black "Andersen,Mad"]
[Result "1/2-1/2"]
[WhiteElo "2417"]
[BlackElo "2413"]

1.d4 Nf6 2.c4 g6 3.Nc3 d5 4.cxd5 Nxd5 5.e4 Nxc3 6.bxc3 Bg7 7.Bb5+ c6 8.Ba4 O-O
9.Ne2 c5 10.O-O Nc6 11.Be3 Na5 12.Rb1 Qc7 13.Qc1 Rd8 14.Bf4 e5 15.dxe5 Bxe5
16.Bg3 Bxg3 17.Nxg3 Be6 18.Qg5 Rf8 19.Nh5 h6 20.Qxh6 Qe5 21.Ng3 Bxa2 22.Ra1 Bc4
23.Rfe1 b5 24.f4 Qxc3 25.e5 Bd5 26.Rad1 Rfe8 27.Bxb5 Re6 28.Bd7 Rb6 29.Bh3 Nc4
30.Nf1 Nb2 31.Rd2 Nd3 32.Re3 c4 33.Bf5 gxf5 34.Rg3+ Rg6 35.Rxg6+ fxg6 36.Qxg6+ Kh8
37.Qh6+ Kg8 38.Qg6+ Kh8 39.Qh6+ Kg8  1/2-1/2

[Event "12th TCh-RUS Women"]
[Site "Olginka RUS"]
[Date "2011.04.22"]
[Round "6"]
[White "Tomilova,E"]
[Black "Lahno,Kateri"]
[Result "1/2-1/2"]
[WhiteElo "2315"]
[BlackElo "2531"]

1.d4 Nf6 2.c4 g6 3.Nc3 d5 4.cxd5 Nxd5 5.e4 Nxc3 6.bxc3 Bg7 7.Nf3 c5 8.Bb5+ Nc6
9.O-O O-O 10.Be3 cxd4 11.cxd4 Bg4 12.Bxc6 bxc6 13.Rc1 Qa5 14.h3 Bxf3 15.Qxf3 Qxa2
16.Rxc6 a5 17.Rfc1 a4 18.R6c2 Qb3 19.Rc3 Qb5 20.Rc5 Qb3 21.R5c3 Qb8 22.Qe2 e6
23.Qa2 Rd8 24.e5 Qb7 25.Ra3 Qe4 26.Rc4 h5 27.Raxa4 Kh7 28.Rxa8 Rxa8 29.Qc2 Ra1+
30.Kh2 Qxc2 31.Rxc2 Bh6 32.Bxh6 Kxh6 33.Rc7 Kg7 34.g4 hxg4 35.hxg4 Rd1 36.Rd7 g5
37.Kg3 Rd3+ 38.Kg2 Kg6 39.Kf1 Rd2 40.Ke1 Ra2 41.Rd6 Kg7 42.Rd8 Rb2 43.Rd7 Kg6
44.Kf1 Rd2 45.Kg2 Rd3  1/2-1/2

[Event "TCh-RUS Premier"]
[Site "Olginka RUS"]
[Date "2011.04.23"]
[Round "11"]
[White "Levin,Ev"]
[Black "Vokarev,S"]
[Result "1/2-1/2"]
[WhiteElo "2472"]
[BlackElo "2455"]

1.d4 Nf6 2.c4 g6 3.Nc3 d5 4.cxd5 Nxd5 5.e4 Nxc3 6.bxc3 Bg7 7.Bg5 c5 8.Rc1 Qa5
9.Qd2 h6 10.Be3 cxd4 11.cxd4 Qxd2+ 12.Kxd2 O-O 13.Bb5 Rd8 14.Nf3 Nc6 15.Bxc6 bxc6
16.Rc5 Rb8 17.Rhc1 Rb4 18.Ne5 Bb7 19.Kc3 Ra4 20.Rb1 Ba8 21.Rb2  1/2-1/2

[Event "Joao Braga Open"]
[Site "Sao Paolo BRA"]
[Date "2011.04.23"]
[Round "6.61"]
[White "De Paula,L"]
[Black "Britez,G"]
[Result "1-0"]
[WhiteElo "1733"]
[BlackElo "1889"]

1.d4 Nf6 2.c4 g6 3.Nc3 d5 4.cxd5 Nxd5 5.e4 Nxc3 6.bxc3 Bg7 7.Nf3 c5 8.Rb1 O-O
9.Be2 cxd4 10.cxd4 Qa5+ 11.Bd2 Qxa2 12.O-O Bg4 13.Bg5 h6 14.Be3 Nc6 15.Rxb7 a5
16.h3 Bxf3 17.Bxf3 a4 18.e5 Rac8 19.Qa1 Qc4 20.Rc1 Qa6 21.Rcb1 Rfd8 22.R7b6 Qa8
23.Rc1  1-0

[Event "Lenk Open"]
[Site "Lenk SUI"]
[Date "2011.04.25"]
[Round "7"]
[White "Haener,P"]
[Black "Li,J"]
[Result "1-0"]
[WhiteElo "2179"]
[BlackElo "2050"]

1.d4 Nf6 2.c4 g6 3.Nc3 d5 4.cxd5 Nxd5 5.e4 Nxc3 6.bxc3 Bg7 7.Be3 O-O 8.Qd2 c5
9.Rc1 Qa5 10.d5 Nd7 11.c4 Qxd2+ 12.Bxd2 b6 13.Ne2 f5 14.exf5 Ne5 15.Ng3 gxf5
16.Nh5 Bh8 17.Be2 Nf7 18.O-O Nd6 19.Bg5 Rf7 20.Nf4 Bf6 21.Bh6 Bg7 22.Bxg7 Kxg7
23.Rfe1 Kh8 24.Rc3 a6 25.Rb1 b5 26.cxb5 axb5 27.Rxc5 Rxa2 28.Bxb5 Nxb5 29.Rxc8+ Kg7
30.g3 Nd6 31.Rc7 Ne4 32.Rbb7 Kf6 33.Rb6+ Nd6 34.Rb1 Ne4 35.Re1 Nxf2 36.Re6+ Kg5
37.d6 Rf8 38.Rcxe7 Kg4 39.Re3 Nh3+ 40.Nxh3 Kxh3 41.Rxh7+ Kg4 42.h3+ Kg5 43.d7 Rb8
44.Rb3 Rd8 45.Rd3 f4 46.Re7 Ra7 47.Rd6 fxg3 48.Kg2 Ra2+ 49.Kxg3 Ra3+ 50.Kf2 Ra2+
51.Ke3 Ra3+ 52.Ke4 Kh4 53.Re8 Raa8 54.Rxd8 Rxd8 55.Kf5 Kxh3 56.Ke6  1-0

[Event "2nd Lille Open"]
[Site "Lille FRA"]
[Date "2011.04.28"]
[Round "5.13"]
[White "Valles,M"]
[Black "Wirig,A"]
[Result "0-1"]
[WhiteElo "2254"]
[BlackElo "2480"]

1.d4 Nf6 2.c4 g6 3.Nc3 d5 4.cxd5 Nxd5 5.e4 Nxc3 6.bxc3 Bg7 7.Bg5 c5 8.Rc1 h6
9.Be3 Qa5 10.Qd2 Nc6 11.d5 Ne5 12.c4 Qa3 13.h3 g5 14.g3 g4 15.Be2 f5 16.f4 gxf3
17.Nxf3 fxe4 18.Nxe5 Bxe5 19.Bh5+ Kd8 20.Qf2 Bd4  0-1

[Event "Luebeck GM"]
[Site "Luebeck GER"]
[Date "2011.04.30"]
[Round "6"]
[White "Svane,R"]
[Black "Janz,F"]
[Result "0-1"]
[WhiteElo "2216"]
[BlackElo "2337"]

1.d4 Nf6 2.c4 g6 3.Nc3 d5 4.cxd5 Nxd5 5.e4 Nxc3 6.bxc3 Bg7 7.Bc4 c5 8.Ne2 Nc6
9.Be3 cxd4 10.cxd4 Qa5+ 11.Bd2 Qh5 12.Bc3 Qg4 13.Ng3 O-O 14.O-O Qxd1 15.Raxd1 Rd8
16.e5 b6 17.Rfe1 Bb7 18.d5 Na5 19.Bxa5 Rac8 20.Bb3 bxa5 21.d6 e6 22.f4 a4
23.Bxa4 Rc4 24.Bb3 Rxf4 25.Rc1 Rd4 26.Rc5 R4xd6 27.Rb5 Rb6 28.Ra5 Bf8 29.Ra4 Rb4
30.Ra5 Rb6 31.Ra4 Rb4 32.Ra5 Rbd4 33.Rxa7 Bc5 34.Rxb7 Rb4+ 35.Kf1 Rxb7 36.Ne4 Be7
37.Re2 Rb5 38.Nd2 Rd4 39.Kf2 Bc5 40.Kf3 Bb4 41.Nc4 Rc5 42.Re4 Rxe4 43.Kxe4 Bc3
44.h3 h5 45.Kf4 h4 46.Ke4 Kg7 47.Kf4 Kh6 48.Ke4 Kg7 49.Kf4 Kg8 50.Ke4 g5
51.a4 Kf8 52.Ba2 Ke7 53.Bb3 Kd7 54.Ba2 Ke7 55.Bb3 Ba5 56.Kd4 Rd5+ 57.Ke4 Bc7
58.Bc2 Ke8 59.Bd3 Kd7 60.Be2 Kc6 61.a5 Bxa5 62.Bh5 Bc3 63.Ne3 Rd4+ 64.Kf3 Rf4+  0-1

[Event "TCh-HUN 2010-11"]
[Site "Budapest HUN"]
[Date "2011.05.01"]
[Round "10"]
[White "Eltigani,O"]
[Black "Erdelyi,Z"]
[Result "1/2-1/2"]
[WhiteElo "2246"]
[BlackElo "2323"]

1.d4 Nf6 2.c4 g6 3.Nc3 d5 4.cxd5 Nxd5 5.e4 Nxc3 6.bxc3 Bg7 7.Bc4 c5 8.Ne2 O-O
9.O-O Nc6 10.Be3 Qc7 11.Rc1 Rd8 12.Qe1 Qa5 13.e5 cxd4 14.cxd4 Qxe1 15.Rfxe1 Na5
16.Nf4 Nxc4 17.Rxc4 f6 18.exf6 Bxf6 19.h3 g5 20.Nh5 Be6 21.Rc7 Rd7 22.Rxd7 Bxd7
23.Nxf6+ exf6 24.d5 b6 25.f4 Re8 26.Kf2 h6 27.Rc1 Rc8 28.Kf3 Kf7 29.Rxc8 Bxc8
30.Ke4 Bb7 31.f5 h5  1/2-1/2

[Event "ch-UKR semi-final"]
[Site "Alushta UKR"]
[Date "2011.05.03"]
[Round "1.7"]
[White "Martynov,Roman"]
[Black "Kovchan,A"]
[Result "0-1"]
[WhiteElo "2222"]
[BlackElo "2558"]

1.d4 Nf6 2.c4 g6 3.Nc3 d5 4.cxd5 Nxd5 5.e4 Nxc3 6.bxc3 Bg7 7.Bc4 c5 8.Ne2 Nc6
9.Be3 O-O 10.O-O Na5 11.Bd3 b6 12.Rc1 Bb7 13.Qd2 Qd7 14.Qb2 e5 15.Rfd1 exd4
16.cxd4 Rad8 17.f3 cxd4 18.Bf2 Bc6 19.Bh4 Rc8 20.Ba6 Bb7 21.Bb5 Rxc1 22.Nxc1 Bc6
23.Bf1 Bxe4 24.Re1 d3 25.Qd2 Nc4 26.Qd1 d2  0-1

[Event "ch-UKR semi-final"]
[Site "Alushta UKR"]
[Date "2011.05.06"]
[Round "4.21"]
[White "Vypkhanyuk,I"]
[Black "Bernadskiy,V"]
[Result "1-0"]
[WhiteElo "2285"]
[BlackElo "2435"]

1.d4 Nf6 2.c4 g6 3.Nc3 d5 4.cxd5 Nxd5 5.e4 Nxc3 6.bxc3 Bg7 7.Bg5 c5 8.Rc1 O-O
9.d5 Qd6 10.Nf3 Bg4 11.Be2 Bxf3 12.Bxf3 b5 13.O-O Nd7 14.a4 a6 15.Be2 c4
16.f4 Bf6 17.Bh6 Rfd8 18.Kh1 Qc5 19.Bf3 Rab8 20.axb5 axb5 21.Qe2 Nb6 22.Rfd1 b4
23.cxb4 Qxb4 24.e5 Bg7 25.Bg5 Re8 26.Qe4 Qb2 27.Rb1 Qa3 28.f5 c3 29.e6 Bf6
30.exf7+ Kxf7 31.Bh6 Qd6 32.Bf4 c2 33.Bxd6 cxd1=Q+ 34.Rxd1 exd6 35.Qf4 Re5
36.fxg6+ hxg6 37.Qb4 Rbe8 38.g3 Bd8 39.Bg4 Nxd5 40.Qc4 Re1+ 41.Rxe1 Rxe1+
42.Kg2 Re5 43.Bf3 Ke6 44.Bxd5+ Rxd5 45.Kf3 Ke5 46.Qe4+  1-0

[Event "2nd ch-Region Officer House Open"]
[Site "Lviv UKR"]
[Date "2011.05.06"]
[Round "4.3"]
[White "Sumin,Vladyslav"]
[Black "Buksa,N"]
[Result "1-0"]
[WhiteElo "1891"]
[BlackElo "2027"]

1.d4 g6 2.c4 Nf6 3.Nc3 d5 4.cxd5 Nxd5 5.e4 Nxc3 6.bxc3 Bg7 7.Bc4 O-O 8.Ne2 c5
9.O-O Nc6 10.Be3 Qa5 11.Qb3 a6 12.a4 Qc7 13.Qc2 Na5 14.Ba2 cxd4 15.Nxd4 Nc4
16.Bg5 e5 17.Nf3 Be6 18.Nd2 h6 19.Bxc4 Bxc4 20.Nxc4 Qxc4 21.Be3 Rac8 22.Rfc1 Rfd8
23.Rab1 Rd7 24.h3 Bf8 25.Qb3 Qxe4 26.a5 Kh7 27.Rd1 Rcd8 28.Bb6 Rxd1+ 29.Rxd1 Rxd1+
30.Qxd1 Qc6 31.Qb3 Kg8 32.Be3 Kg7 33.c4 f5 34.Qc3 Qe4 35.f3 Qb1+ 36.Kh2 Kf6
37.Bf4 Bd6 38.Bxh6 Qb4 39.Bd2 Qxc3 40.Bxc3 Ke6 41.Kg1 e4 42.fxe4 fxe4 43.Kf2 Kf5
44.g4+ Kg5 45.Ke3 Kh4 46.Kxe4 Kxh3 47.Kf3 Kh4 48.Bf6+ Kh3 49.Bd4 Bc7 50.Bb6 Bd6
51.Bd4 Bb4 52.Bb6 Bd2 53.Bc7 Kh4 54.Bd8+ Bg5 55.Bxg5+ Kxg5  1-0

[Event "29th Metz Open A"]
[Site "Longeville-les-Metz FRA"]
[Date "2011.05.07"]
[Round "8.9"]
[White "Lalic,B"]
[Black "Jolly,J"]
[Result "1/2-1/2"]
[WhiteElo "2469"]
[BlackElo "2357"]

1.d4 Nf6 2.c4 g6 3.Nc3 d5 4.cxd5 Nxd5 5.e4 Nxc3 6.bxc3 Bg7 7.Bg5 c5 8.Rc1 O-O
9.Nf3 Bg4 10.d5 f5 11.Qb3 Kh8 12.Qxb7 Nd7 13.d6 Bf6 14.Bh6 Rb8 15.dxe7 Bxe7
16.Qd5 fxe4 17.Bxf8 exf3  1/2-1/2

[Event "TCh-SVK Extraliga 2010-11"]
[Site "Slovakia SVK"]
[Date "2011.05.07"]
[Round "10"]
[White "Dydyshko,V"]
[Black "Cernousek,L"]
[Result "0-1"]
[WhiteElo "2547"]
[BlackElo "2410"]

1.d4 Nf6 2.c4 g6 3.Nc3 d5 4.cxd5 Nxd5 5.e4 Nxc3 6.bxc3 Bg7 7.Be3 c5 8.Qd2 Qa5
9.Rc1 cxd4 10.cxd4 Qxd2+ 11.Kxd2 O-O 12.Bb5 Nc6 13.Nf3 f5 14.exf5 Bxf5 15.Ke2 Be6
16.Bc4 Bxc4+ 17.Rxc4 Rad8 18.Rb1 Rd7 19.Rb5 Rfd8 20.h4 a6 21.Rb1 Rd6 22.a4 R8d7
23.g3 Nxd4+ 24.Bxd4 Bxd4 25.Ng5 h6 26.Nf3 Bf6 27.Rb3 Kf7 28.Rcb4 Re6+ 29.Re3 Rxe3+
30.fxe3 Rc7 31.g4 Rc3 32.g5 hxg5 33.hxg5 Bg7 34.Rxb7 Rc4 35.a5 Rc5 36.Rb6 Rxa5
37.Nh4 Ra2+ 38.Kf3 Ra3 39.Ke2 Ra2+ 40.Kf3 Ra3 41.Ke2 Be5 42.Nxg6 Bd6 43.Nf4 Rxe3+
44.Kxe3 Bc5+ 45.Ke4 Bxb6 46.g6+ Kg7 47.Kf5 a5 48.Ne6+ Kh6 49.g7 Kh7 50.Ke4 a4
51.Kd3 a3 52.Kc2 Be3 53.Kb3 Bc1 54.Ka2 Bb2 55.Kb3 Kg8 56.Ka2 Kf7  0-1

[Event "Sten Open"]
[Site "Hradec Kralove CZE"]
[Date "2011.05.09"]
[Round "2"]
[White "Maly,Ant"]
[Black "Pulpan,Matej"]
[Result "0-1"]
[WhiteElo "1870"]
[BlackElo "1757"]

1.c4 Nf6 2.Nc3 d5 3.d4 g6 4.cxd5 Nxd5 5.e4 Nxc3 6.bxc3 Bg7 7.Bc4 c5 8.Ne2 O-O
9.O-O Nc6 10.Be3 cxd4 11.cxd4 Na5 12.Bd3 Be6 13.d5 Bd7 14.Rc1 b6 15.Nd4 Rc8
16.Qd2 Nb7 17.Rxc8 Qxc8 18.Rc1 Nc5 19.Nb3 Nxb3 20.axb3 Qb7 21.Bh6 Rc8 22.Bxg7 Kxg7
23.Qb2+ Kg8 24.Kf1 Rxc1+ 25.Qxc1 Qc8 26.Qxc8+ Bxc8 27.Bb5 a6 28.Bc6 f5 29.e5 Kf7
30.Ke2 a5 31.Ke3 Ba6 32.h4 Bf1 33.g3 h5 34.Kf4 Bd3 35.Kg5 e6 36.d6 b5 37.f4 a4
38.bxa4 b4 39.d7 Ke7 40.Kxg6 b3 41.Be4 fxe4 42.d8=Q+ Kxd8  0-1

[Event "Sten Open"]
[Site "Hradec Kralove CZE"]
[Date "2011.05.09"]
[Round "2"]
[White "Jedlicka,A"]
[Black "Mazura,T"]
[Result "1-0"]
[WhiteElo "2288"]
[BlackElo "1989"]

1.d4 Nf6 2.c4 g6 3.Nc3 d5 4.cxd5 Nxd5 5.e4 Nxc3 6.bxc3 Bg7 7.Be3 O-O 8.Qd2 c5
9.Nf3 Qa5 10.Rc1 Rd8 11.d5 Bg4 12.Ng5 f6 13.h3 Bc8 14.Nf3 b6 15.Bc4 Ba6 16.Bxa6 Qxa6
17.h4 Qc4 18.Qc2 Nd7 19.h5 Ne5 20.Nxe5 fxe5 21.hxg6 hxg6 22.Rd1 b5 23.f3 b4
24.Qe2 Qxc3+ 25.Kf2 c4 26.Rc1 Qd3 27.Rxc4 Qxe2+ 28.Kxe2 a5 29.Rhc1 Bf6 30.g4 g5
31.Rc6 Rd6 32.Kd3 Ra6 33.Rxa6 Rxa6 34.Kc4 Ra8 35.Kb5 Kf7 36.Bb6 e6 37.Rc7+ Ke8
38.d6  1-0

[Event "64th Otwarte Open A"]
[Site "Warsaw POL"]
[Date "2011.05.09"]
[Round "3.14"]
[White "Sielicki,T"]
[Black "Zaczek,J"]
[Result "1-0"]
[WhiteElo "2026"]
[BlackElo "2126"]

1.d4 Nf6 2.c4 g6 3.Nc3 d5 4.cxd5 Nxd5 5.e4 Nxc3 6.bxc3 Bg7 7.Nf3 c5 8.Rb1 O-O
9.Be2 Qc7 10.O-O b6 11.Be3 Bb7 12.Qd3 cxd4 13.cxd4 Nc6 14.Rbc1 Qd7 15.d5 Na5
16.Nd4 Rac8 17.h3 Rxc1 18.Rxc1 Rc8 19.Rd1 Qa4 20.Qb1 Nc4 21.Bg5 Kf8 22.Bg4 Rd8
23.Nb5 a6 24.d6 Rxd6 25.Nxd6 exd6 26.Bf4 b5 27.Qb3 Qa5 28.Be2 Ne5 29.Bd2 Qb6
30.Bb4 Kg8 31.Rxd6 Qc7 32.Qd1 Nc4 33.Rd7 Qe5 34.Rd8+  1-0

[Event "ch-UKR semi-final"]
[Site "Alushta UKR"]
[Date "2011.05.10"]
[Round "8.21"]
[White "Mischuk,D"]
[Black "Kovalev,De"]
[Result "1/2-1/2"]
[WhiteElo "2317"]
[BlackElo "2482"]

1.d4 Nf6 2.c4 g6 3.Nc3 d5 4.cxd5 Nxd5 5.e4 Nxc3 6.bxc3 Bg7 7.Bc4 c5 8.Ne2 Nc6
9.Be3 O-O 10.O-O Na5 11.Bd3 Bg4 12.f3 cxd4 13.cxd4 Be6 14.d5 Bxa1 15.Qxa1 f6
16.Rb1 Bf7 17.Bh6 Re8 18.Bb5 Qb6+ 19.Kh1 Red8 20.Bd2 Qc7  1/2-1/2

[Event "ch-UKR semi-final"]
[Site "Alushta UKR"]
[Date "2011.05.11"]
[Round "9.69"]
[White "Kotliar,Alexey"]
[Black "Sidletsky,Andrey"]
[Result "1-0"]
[WhiteElo "1930"]
[BlackElo "1896"]

1.d4 Nf6 2.c4 g6 3.Nc3 d5 4.cxd5 Nxd5 5.e4 Nxc3 6.bxc3 Bg7 7.Bc4 O-O 8.Be3 c5
9.Ne2 Nc6 10.O-O cxd4 11.cxd4 Na5 12.Bd3 b6 13.Rc1 Bb7 14.Qd2 Rc8 15.f3 Qd7
16.Rfd1 Rxc1 17.Rxc1 Rc8 18.Rxc8+ Qxc8 19.Qb4 Bf8 20.Qc3 Qxc3 21.Nxc3 e6
22.e5 Bb4 23.Ne4 Bxe4 24.fxe4 Bc3 25.Bb5 Kf8 26.Kf1 a6 27.Bxa6 Nc6 28.d5 exd5
29.exd5 Nb8 30.Bb5 Bxe5 31.Bxb6 Ke7 32.Bc5+ Kd8 33.a4 Bxh2 34.a5 Kc7 35.a6 Nxa6
36.Bxa6 Bg3 37.Bc4 f6 38.Ke2 Be5 39.Kf3 f5 40.Be3 Bf6 41.Bf4+ Kb6 42.Bd6 Bg5
43.Bf8 Kc7 44.Bb5 Kd8 45.Bb4 Bc1 46.d6  1-0

[Event "46th Capablanca Memorial Open B"]
[Site "Havana CUB"]
[Date "2011.05.13"]
[Round "3.42"]
[White "Palsson,H CAN"]
[Black "Infante,B"]
[Result "1/2-1/2"]
[WhiteElo "2032"]
[BlackElo "2205"]

1.d4 Nf6 2.c4 g6 3.Nc3 d5 4.cxd5 Nxd5 5.e4 Nxc3 6.bxc3 Bg7 7.Nf3 c5 8.Rb1 O-O
9.Be2 cxd4 10.cxd4 Qa5+ 11.Bd2 Qxa2 12.O-O Nc6 13.Bg5 h6 14.Bh4 g5 15.Bg3 g4
16.Ne5 Nxe5 17.dxe5 Qe6 18.Qd4 Qd7 19.Qxd7 Bxd7 20.Rxb7 Be6 21.f4 gxf3 22.gxf3 a5
23.f4 Rfb8 24.Rxb8+ Rxb8 25.Ra1 Ra8 26.Bb5 Bb3 27.Bc6 Ra6 28.Bb5  1/2-1/2

[Event "ch-Catalan KO"]
[Site "Sabadell ESP"]
[Date "2011.05.14"]
[Round "1.1"]
[White "Gual Pascual,A"]
[Black "Jerez Perez,A"]
[Result "1/2-1/2"]
[WhiteElo "2446"]
[BlackElo "2415"]

1.d4 Nf6 2.c4 g6 3.Nc3 d5 4.cxd5 Nxd5 5.e4 Nxc3 6.bxc3 Bg7 7.Bg5 c5 8.Rc1 O-O
9.d5 Qa5 10.Qd2 e6 11.c4 Qxd2+ 12.Kxd2 b6 13.Nf3 Bb7 14.Bd3 Nd7 15.a4 exd5
16.exd5 Rfe8 17.Kc2 Nf6 18.Rhe1 Ng4 19.Rxe8+ Rxe8 20.Rf1 Bc8 21.h3 Ne5 22.Nxe5 Bxe5
23.Re1 Bd7 24.Kb3 f6 25.Bd2 Kf7 26.f4 Bc7 27.Rxe8 Bxe8 28.g4 h6 29.f5 g5
30.Bc3 a5 31.Bc2  1/2-1/2